[Event "C.to Provinciale CO"]
[Site "Como ITA"]
[Date "1998.??.??"]
[Round "8"]
[White "Grassetto, Gilberto"]
[Black "Laricini, Alberto"]
[Result "0-1"]
[WhiteElo "1591"]
[BlackElo "1627"]
[PlyCount "100"]
[EventDate "1998.??.??"]

1. e4 c5 2. Nc3 Nc6 3. g3 d6 4. Bg2 Nf6 5. d3 g6 6. Nf3 Bg7 7. Bd2 O-O 8. Qc1
Ng4 9. h3 Nge5 10. Nh2 Nb4 11. Qb1 Rb8 12. a3 Nbc6 13. f4 Nd7 14. Nf3 b5 15.
Nd5 e6 16. Ne3 a5 17. h4 Nf6 18. g4 h5 19. gxh5 Nxh5 20. Nf1 b4 21. axb4 Nxb4
22. c3 Nc6 23. Qc1 Ba6 24. Ke2 Re8 25. Bh3 f5 26. Ng5 Qb6 27. Rb1 Qb5 28. c4
Nd4+ 29. Kf2 Qb3 30. Bc3 a4 31. Ng3 Nxg3 32. Bxd4 Nxh1+ 33. Qxh1 Bxd4+ 34. Kg3
Qxd3+ 35. Kh2 Rb3 36. Qe1 Bf6 37. Rd1 Rxb2+ 38. Bg2 Qc2 39. Qh1 Bxg5 40. fxg5
Kg7 41. Qf1 Rh8 42. Kg1 Rxh4 43. exf5 exf5 44. Rxd6 Bc8 45. Rc6 Bd7 46. Rd6 Rd4
47. Rxd4 cxd4 48. Qf3 Qe4 49. Qh3 Rb1+ 50. Kh2 Qf4+ 0-1

[Event "C.to Provinciale CO"]
[Site "Como ITA"]
[Date "1998.??.??"]
[Round "8"]
[White "Pede, Lucio"]
[Black "Boncinelli, Lodovico"]
[Result "1/2-1/2"]
[WhiteElo "1609"]
[BlackElo "1561"]
[PlyCount "31"]
[EventDate "1998.??.??"]

1. e4 e6 2. d4 d5 3. Nc3 dxe4 4. Nxe4 Bd7 5. Nf3 Bc6 6. Bd3 Bxe4 7. Bxe4 c6 8.
O-O Nf6 9. Bd3 Be7 10. c3 Nbd7 11. Qc2 Qc7 12. Bd2 Bd6 13. b4 a6 14. c4 Rc8 15.
c5 Be7 16. Rfe1 1/2-1/2

[Event "C.to Provinciale TO"]
[Site "Torino ITA"]
[Date "1998.01.??"]
[Round "?"]
[White "Malano, Francesco"]
[Black "Fuggetta, Leonardo"]
[Result "1-0"]
[WhiteElo "2050"]
[BlackElo "2055"]
[PlyCount "79"]
[EventDate "1998.01.??"]

1. Nf3 g6 2. g3 Bg7 3. Bg2 e5 4. e4 d6 5. d3 Ne7 6. O-O O-O 7. Nbd2 Nbc6 8. c3
h6 9. b4 Be6 10. b5 Na5 11. Nb3 Nxb3 12. axb3 Qd7 13. c4 a6 14. bxa6 Rxa6 15.
Rxa6 bxa6 16. Be3 c5 17. Qd2 Kh7 18. Ra1 Rb8 19. Ra3 Nc6 20. Qd1 Nb4 21. Bf1
Rb6 22. Ne1 Qb7 23. Nc2 Bg4 24. Qc1 Nc6 25. h3 Be6 26. Qb1 h5 27. Qa2 Qd7 28.
Rxa6 Rxa6 29. Qxa6 Nd4 30. Bxd4 exd4 31. b4 cxb4 32. Nxb4 h4 33. Qc6 hxg3 34.
fxg3 Bxh3 35. Bxh3 Qxh3 36. Qxd6 Bh6 37. Nd5 Bg5 38. Qc7 Kg7 39. Qe5+ Kh7 40.
Qxg5 1-0

[Event "C.to Provinciale TO"]
[Site "Torino ITA"]
[Date "1998.01.??"]
[Round "?"]
[White "Manzardo, Bruno"]
[Black "Balossetti, Davide"]
[Result "1-0"]
[WhiteElo "2071"]
[BlackElo "1618"]
[PlyCount "161"]
[EventDate "1998.01.??"]

1. e4 e6 2. c4 d5 3. cxd5 exd5 4. Qa4+ Bd7 5. Qb3 Bc6 6. d4 Nf6 7. Nc3 a6 8. e5
Ng8 9. Nf3 Ne7 10. Bd3 Ng6 11. O-O Be7 12. Qc2 Nd7 13. e6 Nf6 14. exf7+ Kf8 15.
Bxg6 hxg6 16. Ne5 Bd6 17. Nxg6+ Kxf7 18. Nxh8+ Qxh8 19. f4 Qh5 20. Qe2 Qxe2 21.
Nxe2 Bb5 22. Nc3 Bxf1 23. Kxf1 Re8 24. Kf2 Ne4+ 25. Kf3 c6 26. Be3 Bb8 27. g3
Kf6 28. Re1 Bc7 29. Re2 Bb6 30. Bg1 Nd6 31. Rxe8 Nxe8 32. Na4 Ba7 33. Nc5 Bxc5
34. dxc5 Nc7 35. Bd4+ Kf7 36. f5 a5 37. a3 a4 38. g4 Nb5 39. Be5 Na7 40. g5 g6
41. Kf4 Nc8 42. fxg6+ Kxg6 43. Bf6 b6 44. cxb6 Nxb6 45. Kg4 Nc4 46. Bd4 c5 47.
Bxc5 Ne5+ 48. Kg3 Kxg5 49. h4+ Kh5 50. Bd4 Nc4 51. Bh8 Ne3 52. Bf6 Nc2 53. Kf4
Kg6 54. Bh8 Kh7 55. Be5 Kg6 56. Kf3 Kh5 57. Ke2 Kxh4 58. Kd3 Ne1+ 59. Kd4 Nf3+
60. Kxd5 Kg4 61. Bc3 Kf5 62. Kc5 Ke6 63. Kb5 Kd5 64. Kxa4 Kc6 65. b4 Ng5 66.
b5+ Kb7 67. Kb4 Ne4 68. Be5 Ng5 69. a4 Nf7 70. Bg3 Nd8 71. a5 Nc6+ 72. Ka4 Na7
73. a6+ Ka8 74. b6 Nc6 75. Kb5 Ne5 76. b7+ Ka7 77. Ka4 Nd7 78. Ka5 Ne5 79. Kb5
Nd7 80. Kc6 Kxa6 81. Kc7 1-0

[Event "C.to Provinciale VT"]
[Site "Viterbo ITA"]
[Date "1998.??.??"]
[Round "3"]
[White "Massetti, Gianfranco"]
[Black "Palamides, Carmine"]
[Result "1-0"]
[WhiteElo "1764"]
[BlackElo "1800"]
[PlyCount "43"]
[EventDate "1998.??.??"]

1. e4 e5 2. f4 d5 3. exd5 e4 4. d3 Nf6 5. dxe4 Nxe4 6. Nf3 Bc5 7. Qe2 Bf2+ 8.
Kd1 Qxd5+ 9. Nfd2 f5 10. Nc3 Qe6 11. Ndxe4 fxe4 12. Qxf2 O-O 13. Qd4 Nc6 14.
Qc4 Rd8+ 15. Ke1 Nd4 16. Nb5 Nxb5 17. Qxe6+ Bxe6 18. Bxb5 Rd6 19. Be3 Rad8 20.
Be2 Rc6 21. Rd1 Re8 22. Bb5 1-0

[Event "C.to Provinciale VT"]
[Site "Viterbo ITA"]
[Date "1998.??.??"]
[Round "5"]
[White "Bellavia, Claudio"]
[Black "Massetti, Gianfranco"]
[Result "0-1"]
[WhiteElo "1585"]
[BlackElo "1764"]
[PlyCount "68"]
[EventDate "1998.??.??"]

1. d4 Nf6 2. Nf3 g6 3. e3 Bg7 4. Be2 b6 5. Nbd2 Bb7 6. O-O d6 7. b3 Nbd7 8. Bb2
O-O 9. c4 c5 10. d5 e6 11. e4 Re8 12. Bd3 Nxd5 13. Bxg7 Nf4 14. Bh6 Nxd3 15.
Qc2 Nb4 16. Qc3 Qf6 17. Qxf6 Nxf6 18. e5 Ng4 19. Bf4 Nd3 20. Bg3 Bxf3 21. Nxf3
Ngxe5 22. Nxe5 dxe5 23. Rad1 Red8 24. Rd2 Nf4 25. Bxf4 exf4 26. Rfd1 Rxd2 27.
Rxd2 Kf8 28. Kf1 Ke7 29. Ke2 Rd8 30. Rxd8 Kxd8 31. Kf3 g5 32. Kg4 f6 33. Kh5 e5
34. Kh6 e4 0-1

[Event "C.to Provinciale VT"]
[Site "Viterbo ITA"]
[Date "1998.??.??"]
[Round "6"]
[White "Massetti, Gianfranco"]
[Black "Giorni, Moreno"]
[Result "1/2-1/2"]
[WhiteElo "1764"]
[BlackElo "1900"]
[PlyCount "117"]
[EventDate "1998.??.??"]

1. e4 e6 2. d4 d5 3. exd5 exd5 4. Nc3 Nf6 5. Bg5 Be7 6. Bd3 Nc6 7. Nge2 Nb4 8.
a3 Nxd3+ 9. Qxd3 c6 10. O-O-O O-O 11. Ng3 h6 12. Bf4 b5 13. Nf5 Bxf5 14. Qxf5
Qd7 15. Qxd7 Nxd7 16. Rhe1 Rfe8 17. Re2 Bf6 18. Rde1 Rxe2 19. Nxe2 Re8 20. Kd2
g5 21. Be3 Nb6 22. Kd3 Nc4 23. Bc1 Re4 24. f3 Re6 25. b3 Nd6 26. Bd2 Kg7 27.
Ng3 Rxe1 28. Bxe1 Kg6 29. Bb4 Nf5 30. Nxf5 Kxf5 31. Bd2 h5 32. c4 g4 33. fxg4+
Kxg4 34. cxd5 cxd5 35. Be1 Be7 36. a4 a6 37. axb5 axb5 38. Bg3 f5 39. Be5 f4
40. Ke2 h4 41. Kf2 Bg5 42. h3+ Kf5 43. Kf3 Bh6 44. Bd6 Bg7 45. Bxf4 Bxd4 46.
g4+ hxg3 47. Bxg3 Bg7 48. Ke3 Bb2 49. Kd3 Bg7 50. Bf2 Kf4 51. Bd4 Bf8 52. Bf2
Kf3 53. Be1 Be7 54. Kd4 Ke2 55. Bg3 Kd2 56. Kxd5 Kc3 57. Kc6 b4 58. Be1+ Kxb3
59. Bxb4 1/2-1/2

[Event "XI Festival B"]
[Site "Robecchetto con Induno ITA"]
[Date "1998.01.03"]
[Round "4"]
[White "Garofalo, Massimo"]
[Black "Riboldi, Raffaele"]
[Result "0-1"]
[WhiteElo "1777"]
[BlackElo "1702"]
[PlyCount "96"]
[EventDate "1998.01.02"]

1. e4 e6 2. d4 d5 3. e5 c5 4. c3 Qb6 5. Nf3 Bd7 6. Be2 Bb5 7. O-O Bxe2 8. Qxe2
Qa6 9. Qd1 cxd4 10. Nxd4 Nc6 11. Nxc6 Qxc6 12. Qg4 Ne7 13. Nd2 Ng6 14. Nf3 Be7
15. Be3 h5 16. Qd4 b6 17. Qd2 Qc7 18. Bd4 h4 19. h3 Nf8 20. Ng5 f6 21. Nf3 Nd7
22. Rfe1 Kf7 23. Qf4 f5 24. g4 hxg3 25. Qxg3 g5 26. b3 Rag8 27. Nh2 Rh7 28. Qd3
Rgh8 29. Re3 g4 30. Rae1 Bg5 31. Rg3 Bf4 32. Nxg4 Bxg3 33. fxg3 fxg4 34. Rf1+
Ke7 35. Qe3 gxh3 36. Qg5+ Ke8 37. Qg6+ Kd8 38. Qxe6 Nc5 39. Qxd5+ Rd7 40. Qa8+
Qc8 41. Qf3 Qb7 42. e6 h2+ 43. Kh1 Qxf3+ 44. Rxf3 Rxd4 45. cxd4 Nxe6 46. d5 Nd4
47. Rf7 Ne2 48. Rg7 Rh3 0-1

[Event "VII Weekend B"]
[Site "Ceriano Laghetto ITA"]
[Date "1998.01.??"]
[Round "6"]
[White "Bisignano, Giuseppe"]
[Black "Riboldi, Raffaele"]
[Result "0-1"]
[WhiteElo "1827"]
[BlackElo "1702"]
[PlyCount "80"]
[EventDate "1998.01.31"]

1. e4 e6 2. d4 d5 3. Nc3 Bb4 4. Nge2 dxe4 5. a3 Bxc3+ 6. Nxc3 f5 7. f3 exf3 8.
Qxf3 Qxd4 9. Qg3 c6 10. Be3 Qg4 11. Qd6 Ne7 12. Be2 Qh4+ 13. g3 Qf6 14. Bh5+
Ng6 15. O-O-O Qe7 16. Qxe7+ Kxe7 17. Bg5+ Kf7 18. Ne4 Rf8 19. Nd6+ Kg8 20. Bxg6
hxg6 21. Be7 Na6 22. Rhe1 Rf7 23. Nxf7 Kxf7 24. Bg5 Nc5 25. g4 Ne4 26. Bh4 g5
27. gxf5 exf5 28. Bg3 Be6 29. Be5 Bd5 30. b3 b5 31. Bb2 Rh8 32. c4 bxc4 33.
bxc4 Be6 34. Re2 Bxc4 35. Rxe4 fxe4 36. Rd7+ Ke6 37. Rxg7 Rxh2 38. Rxg5 Bd3 39.
Re5+ Kd6 40. Ra5 Rc2+ 0-1

[Event "XVIII Festival Conca della Presolana 1N"]
[Site "Bratto - Castione della Presolana ITA"]
[Date "1998.08.??"]
[Round "?"]
[White "Rezzuti, Vincenzo"]
[Black "Righini, Giovanni"]
[Result "0-1"]
[WhiteElo "1777"]
[BlackElo "1710"]
[PlyCount "80"]
[EventDate "1998.08.23"]

1. e4 e6 2. d4 d5 3. e5 b6 4. c3 Qd7 5. a4 a5 6. Nf3 Ne7 7. Bd3 Ba6 8. O-O Bxd3
9. Qxd3 Nf5 10. g4 Ne7 11. Na3 h5 12. g5 h4 13. Bd2 Nf5 14. Nc2 c5 15. Ne3 c4
16. Qc2 g6 17. Ng4 Qc6 18. Nf6+ Kd8 19. b3 Be7 20. Rfb1 Kc7 21. Bc1 Nd7 22. Ba3
Bxa3 23. Rxa3 Rhb8 24. b4 b5 25. bxa5 Rxa5 26. axb5 Raxb5 27. Ra7+ R8b7 28.
Rxb5 Qxb5 29. Qa2 h3 30. Nxd7 Kxd7 31. Rxb7+ Qxb7 32. Qa4+ Kc7 33. Qa5+ Qb6 34.
Qxb6+ Kxb6 35. Kf1 Ka5 36. Ke2 Ka4 37. Kd2 Kb3 38. Ng1 Nh4 39. Nxh3 Nf3+ 40.
Kc1 Kxc3 0-1

[Event "XVIII Festival Conca della Presolana 1N"]
[Site "Bratto - Castione della Presolana ITA"]
[Date "1998.08.23"]
[Round "1"]
[White "Saccani, Ettore"]
[Black "Ghidinelli, Giorgio"]
[Result "0-1"]
[WhiteElo "1702"]
[BlackElo "1701"]
[PlyCount "90"]
[EventDate "1998.08.23"]

1. e4 e6 2. d4 d5 3. Nc3 Bb4 4. Nge2 dxe4 5. a3 Bxc3+ 6. Nxc3 f5 7. Bf4 Nf6 8.
Bc4 c6 9. O-O O-O 10. Re1 b5 11. Bb3 Re8 12. a4 b4 13. Na2 a5 14. c3 Na6 15.
cxb4 Nxb4 16. Nxb4 axb4 17. Qd2 Qe7 18. Rac1 Bd7 19. Rc5 Nd5 20. Bxd5 exd5 21.
Qxb4 Ra6 22. b3 Rea8 23. Qb7 R6a7 24. Qb4 Kf7 25. Qd2 h6 26. Qe2 g5 27. Qh5+
Kg7 28. Be5+ Kh7 29. Re3 f4 30. Rec3 Rc8 31. Qd1 Rb7 32. Qb1 Qe8 33. f3 Bf5 34.
b4 Qg6 35. b5 exf3 36. Qf1 fxg2 37. Qf2 Qe8 38. Rxc6 Rxc6 39. Rxc6 Qa8 40. Qxg2
Qxa4 41. Qe2 Qxb5 42. Rc7+ Kg8 43. Rg7+ Kf8 44. Qxb5 Rxb5 45. Rh7 Bxh7 0-1

[Event "XVIII Festival Conca della Presolana 1N"]
[Site "Bratto - Castione della Presolana ITA"]
[Date "1998.08.24"]
[Round "2"]
[White "Rizzuti, Pasquale"]
[Black "Saccani, Ettore"]
[Result "1-0"]
[WhiteElo "1732"]
[BlackElo "1702"]
[PlyCount "65"]
[EventDate "1998.08.23"]

1. e4 e6 2. d4 d5 3. Nc3 Bb4 4. e5 c5 5. a3 Bxc3+ 6. bxc3 Ne7 7. Qg4 Qc7 8. Bd2
Ng6 9. h4 h5 10. Qg3 Nc6 11. Bd3 cxd4 12. cxd4 Nce7 13. Ne2 Nf5 14. Qg5 Qe7 15.
g3 Bd7 16. Bb4 Qxg5 17. hxg5 O-O-O 18. a4 Kb8 19. a5 Nge7 20. Kd2 Nc6 21. Bc5
Nfe7 22. Rhb1 Nc8 23. Nc3 h4 24. g4 h3 25. Ba6 b6 26. axb6 axb6 27. Bxb6 Nxb6
28. Rxb6+ Ka7 29. Rb2 Ka8 30. Nb5 Kb8 31. Nd6+ Ka8 32. Bb7+ Kb8 33. Ba8+ 1-0

[Event "XVIII Festival Conca della Presolana 1N"]
[Site "Bratto - Castione della Presolana ITA"]
[Date "1998.08.25"]
[Round "3"]
[White "Gerundino, Nicola"]
[Black "Saccani, Ettore"]
[Result "1-0"]
[WhiteElo "1849"]
[BlackElo "1702"]
[PlyCount "125"]
[EventDate "1998.08.23"]

1. d4 e6 2. e4 d5 3. Nc3 Bb4 4. e5 c5 5. a3 Bxc3+ 6. bxc3 Ne7 7. Qg4 Qc7 8.
Qxg7 Rg8 9. Qxh7 cxd4 10. Ne2 Nbc6 11. f4 Bd7 12. Qd3 dxc3 13. Nxc3 a6 14. Ne2
O-O-O 15. h3 Na5 16. Bd2 Nc4 17. g4 Bb5 18. Qb3 Qc6 19. Nd4 Qc5 20. Nxb5 Nxd2
21. Qc3 Qxc3 22. Nxc3 Nf3+ 23. Kf2 Nd4 24. Bd3 Kb8 25. Ne2 Nec6 26. Nxd4 Nxd4
27. Ke3 Nc6 28. Rag1 Rg7 29. h4 Rdg8 30. g5 Ne7 31. f5 exf5 32. Kf4 Kc7 33.
Bxf5 Nxf5 34. Kxf5 Kd7 35. h5 Ke7 36. Rh3 Rc8 37. Rg2 Rc6 38. Rhg3 Rc8 39. g6
Rh8 40. Kg5 fxg6 41. hxg6 Ke6 42. Kf4 Rf8+ 43. Ke3 Rf5 44. Kd3 Kxe5 45. Rg5 Kf6
46. Rxf5+ Kxf5 47. Kd4 Ke6 48. a4 Kd6 49. Rg5 Ke6 50. a5 Kf6 51. Rg1 Ke6 52. c3
Kd6 53. Rb1 Ke6 54. Rb6+ Kf5 55. Kxd5 Rd7+ 56. Rd6 Rc7 57. c4 Kg5 58. c5 Kh6
59. c6 bxc6+ 60. Rxc6 Ra7 61. Kc5 Kg7 62. Kb6 Ra8 63. Kb7 1-0

[Event "XVIII Festival Conca della Presolana 1N"]
[Site "Bratto - Castione della Presolana ITA"]
[Date "1998.08.26"]
[Round "4"]
[White "Saccani, Ettore"]
[Black "Riccardi, Sandro"]
[Result "1-0"]
[WhiteElo "1702"]
[BlackElo "1767"]
[PlyCount "53"]
[EventDate "1998.08.23"]

1. e4 e5 2. Nf3 Nc6 3. Bb5 a6 4. Ba4 Nf6 5. O-O Be7 6. Re1 d6 7. h3 O-O 8. c3
b5 9. Bc2 Bd7 10. d4 Qc8 11. Nbd2 Re8 12. Nf1 Bf8 13. Ng3 Na5 14. Bg5 c5 15.
Bxf6 gxf6 16. d5 b4 17. Nh4 Kh8 18. Nhf5 Bxf5 19. Nxf5 bxc3 20. bxc3 Rb8 21.
Re3 Rb2 22. Rg3 Be7 23. Ba4 Rb5 24. Bxb5 axb5 25. Qh5 Bf8 26. Qxf7 Nb7 27. Qg8#
1-0

[Event "XVIII Festival Conca della Presolana 1N"]
[Site "Bratto - Castione della Presolana ITA"]
[Date "1998.08.27"]
[Round "5"]
[White "Zacco, Remo"]
[Black "Saccani, Ettore"]
[Result "1/2-1/2"]
[WhiteElo "1827"]
[BlackElo "1702"]
[PlyCount "60"]
[EventDate "1998.08.23"]

1. e4 e6 2. d4 d5 3. Nc3 Bb4 4. Nge2 dxe4 5. a3 Be7 6. Nxe4 Nf6 7. N2g3 Nbd7 8.
Bd3 b6 9. Qf3 Rb8 10. Bg5 Nxe4 11. Bxe7 Qxe7 12. Bxe4 c5 13. dxc5 Nxc5 14. Bc6+
Bd7 15. Rd1 O-O 16. Bxd7 Nxd7 17. O-O Rfd8 18. Ne4 Rbc8 19. Qe2 h6 20. h3 Nc5
21. Nc3 Rc7 22. Rxd8+ Qxd8 23. Rd1 Rd7 24. Rxd7 Qxd7 25. b4 Qd4 26. Qf3 Nd7 27.
Qa8+ Nf8 28. Qf3 Nd7 29. Qa8+ Nf8 30. Qf3 Nd7 1/2-1/2

[Event "XVIII Festival Conca della Presolana 1N"]
[Site "Bratto - Castione della Presolana ITA"]
[Date "1998.08.28"]
[Round "6"]
[White "Saccani, Ettore"]
[Black "Ventura, Paolo"]
[Result "0-1"]
[WhiteElo "1702"]
[BlackElo "1776"]
[PlyCount "118"]
[EventDate "1998.08.23"]

1. e4 Nc6 2. d4 e5 3. c3 Nf6 4. Nf3 exd4 5. e5 dxc3 6. Nxc3 Ng4 7. Nd5 Ncxe5 8.
Nxe5 Nxe5 9. Qe2 Bd6 10. f4 O-O 11. fxe5 Re8 12. Bf4 Bxe5 13. Bxe5 d6 14. Qf3
Rxe5+ 15. Be2 c6 16. O-O Be6 17. Nf4 Qb6+ 18. Kh1 Qe3 19. Nxe6 Qxf3 20. Bxf3
Rxe6 21. Rac1 Rae8 22. Kg1 d5 23. Rfd1 f5 24. Bxd5 cxd5 25. Rxd5 g6 26. Rd7
R8e7 27. Rdc7 Kf7 28. Kf1 Kf6 29. g3 g5 30. R1c2 h5 31. Kf2 g4 32. Rxe7 Rxe7
33. Rd2 Rc7 34. Ke2 Ke6 35. Kf2 a6 36. Re2+ Kf6 37. Ke3 Re7+ 38. Kd3 Rxe2 39.
Kxe2 Ke6 40. b3 b6 41. b4 Kd6 42. Kd2 a5 43. bxa5 bxa5 44. a4 Kc6 45. Kc2 Kd6
46. Kd2 Ke6 47. Ke2 Kf6 48. Kd3 Kg5 49. Ke3 Kg6 50. Kf2 Kf6 51. Ke2 Ke6 52. Kd2
Kd6 53. Kc2 Ke5 54. Kd2 Kd4 55. Kc2 Kc4 56. Kb2 Kb4 57. Ka2 Kxa4 58. Kb2 Kb4
59. Ka2 Kc4 0-1

[Event "XVIII Festival Conca della Presolana 1N"]
[Site "Bratto - Castione della Presolana ITA"]
[Date "1998.08.29"]
[Round "7"]
[White "Pozzoli, Mauro"]
[Black "Saccani, Ettore"]
[Result "1-0"]
[WhiteElo "1819"]
[BlackElo "1702"]
[PlyCount "87"]
[EventDate "1998.08.23"]

1. d4 e6 2. c4 Nf6 3. Nc3 d5 4. Bg5 Nbd7 5. e3 Be7 6. Nf3 O-O 7. Rc1 c6 8. Bd3
dxc4 9. Bxc4 Nd5 10. Bxe7 Qxe7 11. Ne4 h6 12. O-O e5 13. dxe5 Nxe5 14. Nxe5
Qxe5 15. Ng3 Be6 16. Qe2 Rad8 17. Rfd1 Rfe8 18. Bd3 Kh8 19. Bb1 f5 20. Qh5 Nf6
21. Qg6 Qxb2 22. Bxf5 Bxf5 23. Nxf5 Ne4 24. f3 Qf6 25. Qxf6 Nxf6 26. Nd6 Rxd6
27. Rxd6 Rxe3 28. Kf2 Ra3 29. Rc2 Nd5 30. Rd7 Nb4 31. Re2 b5 32. Re8+ Kh7 33.
Ree7 Rxa2+ 34. Kg3 Nd5 35. Rxg7+ Kh8 36. Rxa7 Re2 37. Rh7+ Kg8 38. Rxh6 b4 39.
Rxc6 Re8 40. h4 Rb8 41. Rg6+ Kf8 42. h5 b3 43. Rgg7 Rb6 44. Rab7 1-0

[Event "XVIII Festival Conca della Presolana 1N"]
[Site "Bratto - Castione della Presolana ITA"]
[Date "1998.08.30"]
[Round "8"]
[White "Saccani, Ettore"]
[Black "Ferrari, Claudio"]
[Result "1/2-1/2"]
[WhiteElo "1702"]
[BlackElo "1732"]
[PlyCount "103"]
[EventDate "1998.08.23"]

1. e4 e5 2. Nf3 Nc6 3. Bb5 a6 4. Ba4 Nf6 5. O-O Be7 6. Re1 b5 7. Bb3 O-O 8. c3
d5 9. exd5 Nxd5 10. Nxe5 Nxe5 11. Rxe5 c6 12. Bxd5 cxd5 13. d4 Bd6 14. Re1 Qh4
15. g3 Qh3 16. Qf3 Bg4 17. Qg2 Qh5 18. Be3 Rae8 19. Nd2 Re6 20. f3 Bh3 21. Qh1
f5 22. Bf2 Rg6 23. f4 Bxf4 24. Qxd5+ Kh8 25. Nf1 Bg4 26. Qf7 Bd6 27. Re8 Rf6
28. Qxh5 Bxh5 29. Rxf8+ Rxf8 30. Re1 Re8 31. Rxe8+ Bxe8 32. Nd2 Bc6 33. b3 Kg8
34. c4 Bb4 35. Be3 Bxd2 36. Bxd2 bxc4 37. bxc4 Be4 38. Kf2 Bd3 39. c5 Be4 40.
Ke3 Kf7 41. Be1 Ke6 42. Kd2 Kd5 43. Kc3 Kc6 44. Kb4 Bd3 45. Bf2 Kc7 46. Ka5 Bc4
47. Be3 Bxa2 48. Kxa6 Kc6 49. h4 Bc4+ 50. Ka7 Be6 51. Kb8 Bd7 52. d5+ 1/2-1/2

[Event "XVI Corsicoscacchi B"]
[Site "Corsico ITA"]
[Date "1998.10.03"]
[Round "1"]
[White "Saccani, Ettore"]
[Black "Quagliarella, Sabino Remo"]
[Result "0-1"]
[WhiteElo "1702"]
[BlackElo "1883"]
[PlyCount "70"]
[EventDate "1998.10.03"]

1. e4 d6 2. d4 Nf6 3. Nc3 c6 4. Nf3 Qa5 5. Bd2 Qb6 6. e5 dxe5 7. dxe5 Nd5 8.
Nxd5 cxd5 9. Qc1 Bg4 10. Be2 e6 11. Be3 Qc7 12. Bb5+ Nc6 13. Nd4 Be7 14. h3 Bh5
15. Bg5 Qxe5+ 16. Be3 Rc8 17. O-O O-O 18. Nxc6 bxc6 19. Bd3 Qc7 20. Re1 c5 21.
c3 e5 22. Bf5 Rcd8 23. Bg5 f6 24. Bh4 Bf7 25. Re3 Bd6 26. Bxf6 gxf6 27. Rg3+
Bg6 28. Qh6 Qg7 29. Qd2 e4 30. Rg4 Kh8 31. h4 Qf7 32. Bxg6 hxg6 33. Re1 f5 34.
Qh6+ Qh7 35. Qxg6 fxg4 0-1

[Event "XVI Corsicoscacchi B"]
[Site "Corsico ITA"]
[Date "1998.10.04"]
[Round "2"]
[White "Gardi, Giuseppe"]
[Black "Saccani, Ettore"]
[Result "1-0"]
[WhiteElo "1800"]
[BlackElo "1702"]
[PlyCount "33"]
[EventDate "1998.10.03"]

1. d4 e6 2. Nf3 Nf6 3. e3 d5 4. Bd3 c5 5. b3 Nc6 6. a3 Bd7 7. O-O Be7 8. Nbd2
O-O 9. Bb2 Rc8 10. Ne5 Nxe5 11. dxe5 Ne8 12. f4 Qb6 13. c4 dxc4 14. Nxc4 Qc7
15. Rf3 b5 16. Bxh7+ Kh8 17. Rh3 1-0

[Event "XVI Corsicoscacchi B"]
[Site "Corsico ITA"]
[Date "1998.10.04"]
[Round "3"]
[White "Saccani, Ettore"]
[Black "Righini, Giovanni"]
[Result "1/2-1/2"]
[WhiteElo "1702"]
[BlackElo "1710"]
[PlyCount "110"]
[EventDate "1998.10.03"]

1. e4 e6 2. d4 d5 3. Nc3 Nc6 4. e5 b6 5. Bb5 Bd7 6. Nge2 Nb4 7. Bxd7+ Qxd7 8.
a3 Nc6 9. f4 Nge7 10. O-O h5 11. Be3 Nf5 12. Bf2 Be7 13. Ng3 g6 14. Qd3 Na5 15.
b3 c5 16. Nce2 Nc6 17. Nxf5 gxf5 18. c3 Na5 19. c4 dxc4 20. bxc4 cxd4 21. Nxd4
Rd8 22. Qc3 Rc8 23. Rad1 Rxc4 24. Qf3 Qb7 25. Qxb7 Nxb7 26. Nb5 Rxf4 27. Nd6+
Nxd6 28. exd6 Bf6 29. d7+ Ke7 30. d8=Q+ Rxd8 31. Rxd8 Kxd8 32. Bxb6+ axb6 33.
Rxf4 Bg5 34. Rc4 Kd7 35. Kf1 e5 36. a4 Be7 37. Ke2 e4 38. Rc2 Bc5 39. a5 Kc7
40. a6 Kb8 41. Rd2 Ka7 42. Rd7+ Kxa6 43. Rxf7 Kb5 44. Rxf5 Kc4 45. Rf1 Bd4 46.
g3 b5 47. h3 b4 48. g4 hxg4 49. hxg4 b3 50. Rc1+ Bc3 51. Ke3 b2 52. Rd1 Kb3 53.
Rf1 Kc2 54. Rf2+ Kd1 55. Rxb2 Bxb2 1/2-1/2

[Event "XVI Corsicoscacchi B"]
[Site "Corsico ITA"]
[Date "1998.10.10"]
[Round "4"]
[White "Saccani, Ettore"]
[Black "Bisignano, Giuseppe"]
[Result "0-1"]
[WhiteElo "1702"]
[BlackElo "1791"]
[PlyCount "102"]
[EventDate "1998.10.03"]

1. e4 e5 2. Nf3 Nc6 3. Bb5 a6 4. Ba4 Nf6 5. O-O Be7 6. Re1 d6 7. c3 Bg4 8. d4
b5 9. Bb3 O-O 10. d5 Nb8 11. Nbd2 Nbd7 12. h3 Bh5 13. Nf1 Ne8 14. Ng3 Bg6 15.
Bc2 a5 16. Be3 Bf6 17. Qd2 Nc5 18. h4 Bxh4 19. Nxh4 Qxh4 20. Bg5 Qg4 21. Be7
Nf6 22. Bxf8 Rxf8 23. Qe2 Qh4 24. b4 axb4 25. cxb4 Ncd7 26. Bd1 h5 27. Rc1 Ng4
28. Qxb5 Ndf6 29. Bxg4 Nxg4 30. f3 Qh2+ 31. Kf1 Nh6 32. Nf5 Bxf5 33. exf5 Nxf5
34. Qd3 Nh4 35. Rc2 Qh1+ 36. Ke2 Qxg2+ 37. Kd1 Qxf3+ 38. Qxf3 Nxf3 39. Rf1 e4
40. Rxc7 h4 41. b5 Rb8 42. a4 g5 43. Rc4 f5 44. Ke2 g4 45. Kf2 Nd2 46. Rb4 g3+
47. Kg1 Nxf1 48. Kxf1 h3 49. Rc4 e3 50. Rc2 f4 51. Kg1 f3 0-1

[Event "XVI Corsicoscacchi B"]
[Site "Corsico ITA"]
[Date "1998.10.11"]
[Round "5"]
[White "Chinnici, Giorgio"]
[Black "Saccani, Ettore"]
[Result "1-0"]
[WhiteElo "1705"]
[BlackElo "1702"]
[PlyCount "69"]
[EventDate "1998.10.03"]

1. e4 e6 2. d4 d5 3. Nc3 Bb4 4. e5 c5 5. a3 Bxc3+ 6. bxc3 Ne7 7. a4 Nbc6 8. Nf3
Qc7 9. Be2 Nf5 10. O-O Bd7 11. Ba3 b6 12. Bb5 a6 13. Bxc6 Qxc6 14. a5 cxd4 15.
Nxd4 Nxd4 16. cxd4 bxa5 17. Bd6 a4 18. Qg4 Rg8 19. Qh4 f6 20. Qxh7 Kf7 21. Qh5+
g6 22. Qh4 g5 23. Qh5+ Rg6 24. Ra3 Rag8 25. Rh3 f5 26. Qe2 Qc8 27. Rb1 Bb5 28.
Qd2 Qd8 29. Rc3 R8g7 30. Rc5 Kg8 31. Qc3 Kh7 32. Rc8 Qd7 33. Bf8 Rf7 34. Qh3+
Kg8 35. Bg7+ 1-0

[Event "XVI Corsicoscacchi B"]
[Site "Corsico ITA"]
[Date "1998.10.11"]
[Round "5"]
[White "Righini, Giovanni"]
[Black "Bisignano, Giuseppe"]
[Result "1-0"]
[WhiteElo "1710"]
[BlackElo "1791"]
[PlyCount "41"]
[EventDate "1998.10.03"]

1. e4 e5 2. Nf3 Nc6 3. d4 exd4 4. Bc4 Bc5 5. c3 Nf6 6. O-O Nxe4 7. cxd4 Bb6 8.
d5 Ne7 9. Qe2 Nd6 10. Bd3 O-O 11. Bxh7+ Kxh7 12. Ng5+ Kg8 13. Qh5 Re8 14. Qh7+
Kf8 15. Qh8+ Ng8 16. Nh7+ Ke7 17. Bg5+ f6 18. Qxg7+ Nf7 19. Bxf6+ Kd6 20. Bxd8
Nxd8 21. Qg6+ 1-0

[Event "XVI Corsicoscacchi B"]
[Site "Corsico ITA"]
[Date "1998.10.11"]
[Round "6"]
[White "Di Lernia, Ruggero"]
[Black "Saccani, Ettore"]
[Result "0-1"]
[WhiteElo "1726"]
[BlackElo "1702"]
[PlyCount "52"]
[EventDate "1998.10.03"]

1. e4 e6 2. d4 d5 3. Nc3 Bb4 4. e5 c5 5. a3 Bxc3+ 6. bxc3 Ne7 7. Qg4 Qc7 8.
Qxg7 Rg8 9. Qxh7 cxd4 10. Ne2 Nbc6 11. f4 Bd7 12. Qd3 dxc3 13. Nxc3 O-O-O 14.
Rb1 Nf5 15. Nb5 Qa5+ 16. Bd2 Qa4 17. g4 Ncd4 18. Qc3+ Kb8 19. gxf5 Nxb5 20.
Bxb5 Bxb5 21. Rb4 Qa6 22. Qb2 Bc6 23. Rd4 Rg2 24. c4 Rdg8 25. Qc3 dxc4 26. Rxc4
Bd5 0-1

[Event "XVI Corsicoscacchi C"]
[Site "Corsico ITA"]
[Date "1998.10.10"]
[Round "4"]
[White "Raimondi, Celso"]
[Black "Perna, Vincenzo"]
[Result "1-0"]
[WhiteElo "1537"]
[BlackElo "1561"]
[PlyCount "39"]
[EventDate "1998.10.03"]

1. d4 Nf6 2. Nf3 d6 3. c4 Nbd7 4. Nc3 g6 5. e4 Bg7 6. Be2 O-O 7. O-O b6 8. Qc2
Bb7 9. Rd1 c5 10. dxc5 Nxc5 11. e5 Nfe4 12. Nd5 e6 13. Ne3 Qe7 14. b4 Nd7 15.
exd6 Nxd6 16. Bb2 Bxb2 17. Qxb2 Ne4 18. Ng4 Nef6 19. Rxd7 Qxd7 20. Nxf6+ 1-0